Benfica players (2000-2010) - Statistics

General Stats
  • This quiz has been taken 5 times
  • The average score is 49 of 142
Answer Stats
Rank Player Positions Nationality Matches Goals (assists) Period % Correct
137 André Luis CB 1 0 (0) 2004-2005
100%
30 Armando Sá RB 48 1 (6) 2001-2004
100%
53 Diogo Luís LB 26 0 (0) 2000-2002
100%
111 Éder Luís RW 6 1 (0) 2009-2010
100%
3 Luisão CB 160 17 (2) 2003-2010
100%
11 Óscar Cardozo ST 84 56 (10) 2007-2010
100%
121 Airton DM 4 0 (0) 2009-2010
67%
28 Anders Andersson DM 49 1 (2) 2001-2004
67%
16 Ángel Di María RW 76 7 (18) 2007-2010
67%
57 Cristian Rodríguez LM 25 6 (4) 2007-2008
67%
21 David Luiz CB 66 4 (7) 2006-2010
67%
48 Fábio Coentrão LB 29 0 (9) 2007-2008, 2009-2010
67%
40 Fabrizio Miccoli ST 39 14 (5) 2005-2007
67%
35 Georgios Karagounis CM 45 3 (2) 2005-2007
67%
58 Hassan Yebda CM 25 1 (1) 2008-2009
67%
51 Javier Saviola CF 27 11 (5) 2009-2010
67%
54 Javi García DM 26 3 (2) 2009-2010
67%
23 João Pereira RB 58 4 (1) 2003-2006
67%
96 Jonathan Urretaviscaya RW 11 1 (2) 2008-2010
67%
8 José Moreira GK 111 0 (0) 2001-2007, 2008-2009
67%
69 Júlio César CB 20 3 (0) 2001-2002
67%
84 Karel Poborský RW 13 1 (0) 2000-2001
67%
117 Keirrison ST 5 0 (0) 2009-2010
67%
13 Konstantinos Katsouranis DM 81 10 (9) 2006-2009
67%
12 Léo LB 82 1 (6) 2005-2009
67%
26 Ljubinko Drulovic LW 50 5 (10) 2001-2003
67%
9 Mantorras ST 101 29 (6) 2001-2003, 2004-2009
67%
20 Manuel Fernandes AM 67 3 (4) 2003-2006
67%
17 Maxi Pereira RB 76 5 (11) 2007-2010
67%
5 Miguel RB 131 12 (9) 2000-2005
67%
71 Miguel Vítor CB 20 0 (2) 2007-2010
67%
45 Miklós Fehér ST 30 7 (3) 2002-2004
67%
75 Moretto GK 19 0 (0) 2005-2007
67%
24 Nuno Assis AM 55 4 (0) 2004-2008
67%
1 Nuno Gomes ST 187 60 (18) 2002-2010
67%
32 Pablo Aimar AM 47 5 (16) 2008-2010
67%
4 Petit DM 148 12 (13) 2002-2008
67%
46 Pierre van Hooijdonk ST 30 20 (1) 2000-2001
67%
6 Quim GK 130 0 (0) 2004-2010
67%
56 Ramires CM 26 4 (6) 2009-2010
67%
7 Ricardo Rocha CB 115 3 (3) 2002-2007
67%
25 Robert Enke GK 51 0 (0) 2000-2002
67%
27 Ruben Amorim CM 50 5 (3) 2008-2010
67%
36 Rui Costa AM 43 5 (8) 2006-2008
67%
49 Sidnei CB 29 3 (2) 2008-2010
67%
2 Simão LW 172 76 (42) 2001-2007
67%
92 Weldon ST 12 5 (0) 2009-2010
67%
15 Zlatko Zahovic AM 80 14 (15) 2001-2005
67%
59 Abdelsattar Sabry LW 24 3 (1) 2000-2001
33%
104 Alan Kardec ST 8 0 (0) 2009-2010
33%
29 Anderson CB 48 4 (0) 2005-2007
33%
138 Andrés Díaz RM 1 0 (0) 2007-2008
33%
93 Andrey Karyaka LW 11 2 (0) 2005-2007
33%
14 Argel Fuchs CB 80 6 (0) 2001-2005
33%
128 Ariza Makukula ST 3 0 (0) 2007-2008
33%
50 Azar Karadas ST 27 4 (2) 2004-2005
33%
87 Carlos Bossio GK 12 0 (0) 2000-2001, 2002-2004
33%
67 Carlos Marchena CB 20 2 (0) 2000-2001
33%
38 Carlos Martins AM 41 3 (5) 2008-2010
33%
80 César Peixoto LW 15 0 (1) 2009-2010
33%
113 Dani LW 5 0 (0) 2000-2001
33%
88 David Suazo ST 12 4 (3) 2008-2009
33%
89 Derlei ST 12 1 (0) 2006-2007
33%
78 Edcarlos CB 16 0 (1) 2007-2008
33%
90 Edgaras Jankauskas ST 12 8 (2) 2001-2002
33%
115 Felipe Menezes AM 5 0 (0) 2009-2010
33%
134 Fellipe Bastos CM 2 1 (0) 2008-2009
33%
34 Fernando Meira CB 46 2 (2) 2000-2002
33%
106 Francisco Fonseca ST 8 1 (0) 2006-2007
33%
95 Freddy Adu AM 11 2 (0) 2007-2008
33%
10 Geovanni AM 94 16 (6) 2002-2006
33%
65 Gilles Binya CB 23 0 (2) 2007-2009
33%
129 Gonzalo Bergessio ST 3 0 (0) 2007-2008
33%
141 Hans Jörg Butt GK 1 0 (0) 2007-2008
33%
135 Hélio Pinto CM 2 0 (0) 2003-2004
33%
99 Javier Balboa RW 10 0 (2) 2008-2009
33%
31 João Manuel Pinto CB 48 4 (1) 2001-2003
33%
43 João Tomás ST 32 16 (0) 2000-2002
33%
74 Jorge Ribeiro LB 19 1 (1) 2001-2002, 2008-2009
33%
61 José Antonio Reyes RW 24 4 (7) 2008-2009
33%
123 José Shaffer LB 4 0 (0) 2009-2010
33%
107 Laszlo Sepsi LB 7 0 (2) 2007-2008
33%
85 Laurent Robert LW 13 2 (2) 2005-2006
33%
70 Luís Filipe RB 20 0 (1) 2007-2008, 2009-2010
33%
55 Maniche CM 26 1 (0) 2000-2001
33%
62 Manuel dos Santos LB 24 0 (1) 2004-2006
33%
136 Marco Zoro CB 2 1 (0) 2007-2008
33%
103 Ricardo Rojas LB 9 0 (0) 2000-2001
33%
120 Romeu Ribeiro DM 5 0 (0) 2007-2008
33%
125 Rui Nereu GK 4 0 (0) 2005-2006
33%
132 Sérgio Nunes CB 3 0 (0) 2000-2001
33%
47 Takis Fyssas LB 30 0 (0) 2003-2005
33%
18 Tiago Mendes CM 75 19 (5) 2001-2004
33%
22 Tomislav Sokota ST 59 21 (6) 2001-2005
33%
66 Alcides CB 20 0 (0) 2004-2007
0%
101 Alejandro Escalona LB 9 0 (0) 2000-2001
0%
82 Alex RB 13 0 (1) 2003-2004
0%
105 Amoreirinha CB 8 0 (0) 2004-2005
0%
102 André Neles ST 9 1 (0) 2000-2001
0%
127 Andrija Delibasic ST 3 0 (0) 2004-2005
0%
44 Beto CM 30 0 (1) 2005-2007
0%
72 Bruno Aguiar CM 19 0 (0) 2004-2005
0%
77 Cabral RB 16 0 (0) 2001-2003
0%
73 Calado CM 19 0 (0) 2000-2001
0%
33 Carlitos RW 46 5 (3) 2000-2004
0%
94 Carlitos LW 11 0 (1) 2004-2006
0%
64 Chano AM 23 2 (1) 2000-2001
0%
60 Cristiano CB 24 1 (0) 2002-2004
0%
122 Cristian Uribe CM 4 0 (0) 2000-2001
0%
114 Éder Bonfim RB 5 0 (1) 2002-2003
0%
37 Ednilson DM 42 0 (0) 2000-2003
0%
139 Eduardo Simões CB 1 0 (0) 2002-2003
0%
98 Emanuele Pesaresi LB 10 0 (0) 2001-2002
0%
133 Emílio Peixe DM 2 0 (0) 2002-2003
0%
140 Everson DM 1 0 (0) 2004-2005
0%
41 Fernando Aguiar DM 38 3 (0) 2001-2002, 2003-2004
0%
116 Geraldo CB 5 0 (0) 2000-2001
0%
79 Gustavo Manduca LW 16 1 (1) 2005-2006
0%
39 Hélder Cristóvão CB 41 2 (1) 2002-2004
0%
130 Hélio Roque RW 3 0 (0) 2005-2006
0%
68 Ivan Dudic RB 20 0 (0) 2000-2001
0%
83 João Coimbra AM 13 0 (0) 2005-2007
0%
76 Luís Andrade DM 18 0 (0) 2001-2003
0%
97 Manú RW 11 0 (2) 2006-2007
0%
108 Marcel ST 7 0 (0) 2005-2006
0%
52 Marco Caneira CB 27 0 (0) 2001-2002
0%
118 Marco Ferreira RW 5 0 (0) 2005-2006
0%
119 Mawete Júnior ST 5 2 (0) 2001-2002
0%
109 Miguelito LB 7 0 (1) 2006-2007
0%
19 Nélson RB 72 0 (11) 2005-2008
0%
112 Paulo Almeida DM 6 0 (0) 2004-2005
0%
81 Paulo Jorge RW 14 1 (2) 2006-2007
0%
91 Paulo Madeira CB 12 0 (0) 2000-2001
0%
131 Pepa ST 3 0 (0) 2001-2002
0%
124 Porfírio LW 4 0 (0) 2001-2002
0%
100 Ricardo Esteves RB 10 0 (0) 2000-2001
0%
42 Roger Flores AM 36 6 (4) 2000-2001, 2002-2004
0%
63 Ronaldo CB 24 1 (1) 2000-2001
0%
86 Rui Baião AM 13 1 (1) 2000-2002
0%
110 Sergiy Kandaurov CM 7 0 (0) 2000-2001
0%
142 Toni RB 1 0 (0) 2001-2002
0%
126 Toy ST 4 0 (0) 2000-2001
0%
No matching quizzes found
Score Distribution
Percent of People with Each Score
Percentile by Number Answered
Your Score History
You have not taken this quiz